Normal view
MARC view
- Kandar, Shyamalendu
Entry Personal Name
001 - CONTROL NUMBER
- control field: 18189
003 - CONTROL NUMBER IDENTIFIER
- control field: NUST
005 - DATE AND TIME OF LATEST TRANSACTION
- control field: 20190720102215.0
008 - FIXED-LENGTH DATA ELEMENTS
- fixed length control field: 190720|| aca||aabn | a|a d
040 ## - CATALOGING SOURCE
- Original cataloging agency: NUST
- Transcribing agency: NUST
100 ## - HEADING--PERSONAL NAME
- Personal name: Kandar, Shyamalendu
670 ## - SOURCE DATA FOUND
- Source citation: Work cat.: (NUST): Kandar, Shyamalendu, Automata Theory and Formal Languages /, 2012.
